Geodesy (Record no. 94680)
[ view plain ]
| 000 -LEADER | |
|---|---|
| fixed length control field | 00643cam a2200193 4500 |
| 001 - CONTROL NUMBER | |
| control field | ##D1542 |
| 008 - FIXED-LENGTH DATA ELEMENTS--GENERAL INFORMATION | |
| fixed length control field | 090401t1980 xxu||||| |||| 00| 0 eng d |
| 035 ## - SYSTEM CONTROL NUMBER | |
| System control number | (Sirsi) u64476 |
| 041 0# - LANGUAGE CODE | |
| Language code of text/sound track or separate title | eng |
| 050 00 - LIBRARY OF CONGRESS CALL NUMBER | |
| Classification number | 526 |
| 100 1# - MAIN ENTRY--PERSONAL NAME | |
| Personal name | Bomford, G. |
| 245 00 - TITLE STATEMENT | |
| Title | Geodesy |
| 250 ## - EDITION STATEMENT | |
| Edition statement | 4th ed. |
| 260 ## - PUBLICATION, DISTRIBUTION, ETC. | |
| Place of publication, distribution, etc. | Oxford |
| Name of publisher, distributor, etc. | Clarendon Press |
| Date of publication, distribution, etc. | 1980 |
| 300 ## - PHYSICAL DESCRIPTION | |
| Extent | xii, 855p. |
| Dimensions | 24cm. |
| 350 ## - PRICE (NR) (BK AM CF MU VM SE) [OBSOLETE] | |
| Price | 49 |
| 505 2# - FORMATTED CONTENTS NOTE | |
| Formatted contents note | Triangulation, traverse, and trilateration (field work) -- Computation of triangulation, traverse, and trilateration -- Heights above sea-level -- Geodetic astronomy -- Gravity observations -- Physical geodesy -- Artificial satellites |
| 942 ## - ADDED ENTRY ELEMENTS (KOHA) | |
| Suppress in OPAC | 0 |
| Withdrawn status | Lost status | Source of classification or shelving scheme | Damaged status | Not for loan | Home library | Current library | Shelving location | Date acquired | Cost, normal purchase price | Total Checkouts | Full call number | Barcode | Date last seen | Copy number | Cost, replacement price | Price effective from | Koha item type | Date last checked out |
|---|---|---|---|---|---|---|---|---|---|---|---|---|---|---|---|---|---|---|
| Dewey Decimal Classification | London | London | Books | 14/09/1999 | 49.00 | 526 | 30007590 | 06/08/2019 | 1 | 49.00 | 06/08/2019 | Reference material | ||||||
| Dewey Decimal Classification | London | London | Basement | 14/06/2006 | 2 | RESERVE SHELF 318 | 30007591 | 06/08/2019 | 1 | 06/08/2019 | Book | 13/08/2007 |